VALORANT - Agent Select Voicelines - Statistics

General Stats
  • This quiz has been taken 20,827 times
  • The average score is 11 of 19
Answer Stats
Hint Answer % Correct
Move, or get zapped. Neon
79%
They think I'm an old dog? Heh, I'll show 'em just how many tricks I know. Brimstone
78%
They have no idea how heartless I am. Reyna
73%
I am both shield and sword. Sage
72%
I am the beginning. I am the end. Omen
69%
Nothing stays hidden from me. Nothing. Cypher
66%
No one can hold their breath forever. Viper
66%
Everyone is afraid of something. Fade
65%
You have good taste, my friend. Chamber
62%
I am on a higher plane, chale, literally! Astra
60%
Yes, I'm pumped! Raze
56%
I'll fight anybody. I'll fight everybody. Yoru
54%
Just take a seat, I got this. Phoenix
53%
Relax. I've already thought of everything. Killjoy
51%
Cool. Let's go. Jett
48%
Wherever they run, I will find them. Sova
42%
Stand in my way. I dare you. Breach
36%
Alright! Where's the fight? Skye
29%
Let's do this. KAY/O
19%
No matching quizzes found
Score Distribution
Percent of People with Each Score
Percentile by Number Answered
Your Score History
You have not taken this quiz